000 00471nam a2200157Ia 4500
008 240729s9999 xx 000 0 und d
022 _a2822-454X
245 0 _aInternational Journal of Pioneering Technology and Engineering
260 _aTürkiye
260 _blevent
650 _a Engineering (General). Civil engineering (General)
650 _aTechnology
856 _uhttps://doaj.org/toc/4e86fb0ecc094dbca5a5319bb474b6eb
942 _2ddc
942 _cDOAJEJ
999 _c66928
_d66928
945 _a1
_bMadushi Gamage
_c1
_dMadushi Gamage